New introductory lectures on psychoanalysis / (Record no. 542007)
[ view plain ]
| 000 -LEADER | |
|---|---|
| fixed length control field | 00795cam a2200193 i 4500 |
| 020 ## - INTERNATIONAL STANDARD BOOK NUMBER | |
| International Standard Book Number | 039300743X |
| 082 ## - DEWEY DECIMAL CLASSIFICATION NUMBER | |
| Classification number | 150.159 |
| Author Mark | FRE |
| -- | ml29.p64 |
| 100 1# - MAIN ENTRY--PERSONAL NAME | |
| Personal name | Freud, Sigmund, |
| 9 (RLIN) | 37011 |
| 245 10 - TITLE STATEMENT | |
| Title | New introductory lectures on psychoanalysis / |
| Statement of responsibility, etc. | Sigmund Freud ; newly translated and edited by James Strachey. |
| Remainder of title | Vol 1 |
| 260 ## - PUBLICATION, DISTRIBUTION, ETC. | |
| Place of publication, distribution, etc. | New York : |
| Name of publisher, distributor, etc. | Norton, |
| Date of publication, distribution, etc. | c1965. |
| 300 ## - PHYSICAL DESCRIPTION | |
| Extent | 557 p. ; |
| Dimensions | 18 cm. |
| 500 ## - GENERAL NOTE | |
| General note | This translation first published as v. 22 of the Standard edition of the complete psychological works of Sigmund Freud, London, 1964. |
| 500 ## - GENERAL NOTE | |
| General note | Translation of Neue Folge der Vorlesungen zur Einführung in die Psychoanalyse. |
| 526 ## - STUDY PROGRAM INFORMATION NOTE | |
| Program name | 0 |
| Interest level | 0 |
| Reading level | 0 |
| Title point value | 150_159000000000000_FRE |
| 650 #0 - SUBJECT ADDED ENTRY--TOPICAL TERM | |
| Topical term or geographic name entry element | MCE |
| 9 (RLIN) | 379 |
| 650 #0 - SUBJECT ADDED ENTRY--TOPICAL TERM | |
| Topical term or geographic name entry element | Psychoanalysis. |
| 9 (RLIN) | 11876 |
| 700 1# - ADDED ENTRY--PERSONAL NAME | |
| Personal name | Strachey, James. |
| 9 (RLIN) | 37082 |
| 942 ## - ADDED ENTRY ELEMENTS (KOHA) | |
| Source of classification or shelving scheme | |
| Koha item type | Book |
| Withdrawn status | Lost status | Source of classification or shelving scheme | Damaged status | Not for loan | Permanent Location | Current Location | Date acquired | Total Checkouts | Full call number | Barcode | Date last seen | Date last checked out | Price effective from | Koha item type | Public note |
|---|---|---|---|---|---|---|---|---|---|---|---|---|---|---|---|
| Military College of Engineering (MCE) | Military College of Engineering (MCE) | 09/17/2013 | 3 | 150.159 FRE | MCE-26407 | 07/30/2018 | 07/20/2018 | 09/17/2013 | Book | v 1. |
